Quel est ce jeu de société ? - Statistiques

Statistiques générales
  • Ce quiz a été pris 50 fois
  • Le résultat moyen est 4 sur 15
Statistiques - réponses
Hint Réponse % Correct
A Thiercelieux, mieux vaut ne pas être un simple villageois ! Loup Garou
74%
Personnellement je retourne toujours des 12 et jamais des -2... Skyjo
67%
Dans ce jeu non sponsorisé par la sncf, la destination est aussi importante que le voyage. Les aventuriers du Rail
47%
Arriverez-vous à construire une telle merveille avant vos adversaires ? 7 Wonders
33%
Coupe le mauvais fil, et big ben explose ! Time Bomb
30%
Il peut être en chocolat, en forme d'étoile, dans le jardin de la reine, en vitraux... Azul
21%
Attention au brigand, il pourrait nuire à votre commerce. Catan
21%
Commercez à la renaissance à l'aide de pierres précieuses. Splendor
21%
Si tout le monde marque le même indice, il n'y a plus d'indice ! Just One
16%
C'est toujours le roi qui commence. Citadelles
12%
Équilibrez attrait du public et conservation des espèces dans votre zoo scientifique. Ark Nova
7%
Ces défunts pourront-ils reposer en paix ? La fiesta de los Muertos
7%
Il faut en trouver trois fois trois. Trio
7%
Dans quel jeu de dés doit ont collectionner des petits renards ? Très Futé
5%
Le Krystallium peut être utile pour développer votre empire. It's a wonderful world
2%
Aucun quiz correspondant
Distribution des résultats
% des personnes avec chaque résultat
Percentile par nombre de réponses
Votre historique - résultats
Vous n’avez pas pris ce quiz